| 000 | 00327nam a22001337a 4500 | ||
|---|---|---|---|
| 020 | _a978-93-81318-09-6 | ||
| 082 |
_a894.812 _bMUR/A |
||
| 100 | _aDr.K.MURALEEDHARAN PILLA | ||
| 245 | _aAYURVEDATHILOODE AROGYASAMRAKSHANAM | ||
| 260 |
_aTHRICHUR _bH & C BOOKS _c2011 |
||
| 300 | _a160 | ||
| 650 |
_aHEALTHCARE _zKERALA |
||
| 942 | _cBK | ||
| 999 |
_c997 _d997 |
||